<?xml version="1.0" encoding="UTF-8"?>
<record
    xmlns:xsi="http://www.w3.org/2001/XMLSchema-instance"
    xsi:schemaLocation="http://www.loc.gov/MARC21/slim http://www.loc.gov/standards/marcxml/schema/MARC21slim.xsd"
    xmlns="http://www.loc.gov/MARC21/slim">

  <leader>02567nam a22002537a 4500</leader>
  <controlfield tag="003">OSt</controlfield>
  <controlfield tag="005">20250619114258.0</controlfield>
  <controlfield tag="008">230605s1981    ck ||||gr|||| 00| f spa d</controlfield>
  <datafield tag="040" ind1=" " ind2=" ">
    <subfield code="a">CO-JMCR</subfield>
    <subfield code="c">CO-JMCR</subfield>
  </datafield>
  <datafield tag="041" ind1="1" ind2=" ">
    <subfield code="a">spa</subfield>
    <subfield code="h">eng </subfield>
  </datafield>
  <datafield tag="082" ind1="0" ind2="4">
    <subfield code="a">A-N</subfield>
    <subfield code="b">KRAp</subfield>
  </datafield>
  <datafield tag="100" ind1="1" ind2=" ">
    <subfield code="a">Krantz, Judith,</subfield>
    <subfield code="e">autora</subfield>
    <subfield code="9">42743</subfield>
  </datafield>
  <datafield tag="245" ind1="1" ind2="0">
    <subfield code="a">Princesa Daisy /</subfield>
    <subfield code="c">Judith Krantz</subfield>
  </datafield>
  <datafield tag="260" ind1=" " ind2=" ">
    <subfield code="a">Bogot&#xE1; :</subfield>
    <subfield code="b">C&#xED;rculo, </subfield>
    <subfield code="c">1981</subfield>
  </datafield>
  <datafield tag="300" ind1=" " ind2=" ">
    <subfield code="a">469 p&#xE1;ginas ; </subfield>
    <subfield code="c">21 cm.</subfield>
  </datafield>
  <datafield tag="500" ind1=" " ind2=" ">
    <subfield code="a">T&#xED;tulo original: Princess Daisy</subfield>
  </datafield>
  <datafield tag="520" ind1="3" ind2=" ">
    <subfield code="a">Pocas veces en la novel&#xED;stica contempor&#xE1;nea nos es posible encontrar un personaje femenino tan atrayente y tan cautivador como la princesa Daisy. Hija de un pr&#xED;ncipe ruso exiliado y de una actriz de cine norteamericana, su ni&#xF1;ez y su adolescencia parecen un cuento de hadas. Pero la muerte, primero de su madre y luego de su padre en un accidente de aviaci&#xF3;n, obligan a Deisy a enfrentarse con la dura realidad de la vida. La quiebra de la compa&#xF1;&#xED;a industrial en la que su padre hab&#xED;a invertido gran parte de su fortuna, la necesidad de pagar los gastos de la residencia donde est&#xE1; internada su &#xFA;nica hermana, subnormal de nacimiento, y las siniestras maniobras de su hermanastro parra hundirla moral y econ&#xF3;micamente, hacen que Daisy reaccione y, a trav&#xE9;s de grandes sacrificios, llegue a ser ella misma. Alguien que todo el mundo conocer&#xE1; como la princesa Daisy. Primero con sus cuadros, despu&#xE9;s trabajando en una compa&#xF1;&#xED;a de publicidad y por fin como modelo. Una modelo que dar&#xE1; nombre al perfume m&#xE1;s popular de la &#xE9;poca: Princesa Daisy. Suiza, donde sus abuelos fijaron la residencia antes de la Revoluci&#xF3;n rusa, Par&#xED;s, Londres, California, y el vertiginoso mundo de Nueva York son los escenarios que desfilan por estas p&#xE1;ginas llenas de vida y colorido. Y, entre los muchos personajes que pueblan estas p&#xE1;ginas, dos hombres que de alguna forma han llenado el mundo personal de Daisy. Su padre, el pr&#xED;ncipe Starh Valensky, elegante, autoritario y plet&#xF3;rico de personalidad, y Patrick Shammon, un ejecutivo que, salido de la nada, ha llegado a convertirse en uno de los hombres m&#xE1;s poderosos de Nueva York. Tras muchos y variados acontecimientos, Daisy encontrar&#xE1; el amor y la felicidad en los brazos de Patrick Shammon, pero para eso, antes habr&#xE1; tenido que ser con todas sus consecuencias, &#x201C;la princesa Daisy&#x201D;.</subfield>
  </datafield>
  <datafield tag="546" ind1=" " ind2=" ">
    <subfield code="a">Traducido del ingles.</subfield>
  </datafield>
  <datafield tag="650" ind1="1" ind2="4">
    <subfield code="a">Estadounidense</subfield>
    <subfield code="v">Novela </subfield>
    <subfield code="9">42744</subfield>
  </datafield>
  <datafield tag="650" ind1="2" ind2="4">
    <subfield code="v">Novela</subfield>
    <subfield code="x">Siglo XX</subfield>
    <subfield code="9">42745</subfield>
  </datafield>
  <datafield tag="650" ind1="2" ind2="4">
    <subfield code="a">Familia</subfield>
    <subfield code="x">Siglo XX</subfield>
    <subfield code="9">42746</subfield>
  </datafield>
  <datafield tag="700" ind1=" " ind2=" ">
    <subfield code="a">Krantz, Judith,</subfield>
    <subfield code="e">autora</subfield>
    <subfield code="9">42743</subfield>
  </datafield>
  <datafield tag="942" ind1=" " ind2=" ">
    <subfield code="2">ddc</subfield>
    <subfield code="c">BK</subfield>
  </datafield>
  <datafield tag="999" ind1=" " ind2=" ">
    <subfield code="c">30045</subfield>
    <subfield code="d">16429</subfield>
  </datafield>
  <datafield tag="952" ind1=" " ind2=" ">
    <subfield code="0">0</subfield>
    <subfield code="1">0</subfield>
    <subfield code="2">ddc</subfield>
    <subfield code="4">0</subfield>
    <subfield code="7">0</subfield>
    <subfield code="a">CPL</subfield>
    <subfield code="b">CPL</subfield>
    <subfield code="c">CART</subfield>
    <subfield code="d">2021-04-14</subfield>
    <subfield code="l">1</subfield>
    <subfield code="o">A-N KRAp</subfield>
    <subfield code="p">201811947</subfield>
    <subfield code="r">2025-07-24 08:55:23</subfield>
    <subfield code="s">2025-07-23</subfield>
    <subfield code="t">Ej. 1</subfield>
    <subfield code="w">2023-06-06</subfield>
    <subfield code="y">BK</subfield>
  </datafield>
  <datafield tag="952" ind1=" " ind2=" ">
    <subfield code="0">0</subfield>
    <subfield code="1">0</subfield>
    <subfield code="2">ddc</subfield>
    <subfield code="4">0</subfield>
    <subfield code="7">0</subfield>
    <subfield code="8">FIC</subfield>
    <subfield code="a">CPL</subfield>
    <subfield code="b">CPL</subfield>
    <subfield code="d">2025-06-19</subfield>
    <subfield code="l">0</subfield>
    <subfield code="o">A-N KRAp</subfield>
    <subfield code="p">201811275</subfield>
    <subfield code="r">2025-06-19 11:44:34</subfield>
    <subfield code="t">Ej.2</subfield>
    <subfield code="w">2025-06-19</subfield>
    <subfield code="y">BK</subfield>
  </datafield>
</record>
